[Event "RUS-chT Rapid Men 2018"]
[Site "Sochi"]
[Date "2018.10.09"]
[Round "6"]
[White "Bocharov, Dmitry"]
[Black "Kamsky, Gata"]
[Result "0-1"]
[WhiteElo "2557"]
[BlackElo "2666"]
[Annotator "TA"]
[PlyCount "150"]
[EventDate "2018.10.05"]
[EventType "swiss"]
[EventCountry "RUS"]
[SourceTitle "playchess.com"]
[Source "ChessBase"]
[SourceQuality "1"]

{[%evp 20,150,21,9,42,28,30,33,37,35,27,41,45,41,25,22,30,-196,25,22,33,37,40,15,30,-24,26,-78,-95,-87,-109,-149,-137,-152,-160,-217,-199,-262,-256,-379,-358,-336,-393,-391,-380,-368,-368,-353,-203,-206,-197,-204,-198,-663,-663,-661,-660,-577,-652,-637,-633,-744,-683,-796,-787,-758,-528,-562,-517,-770,-440,-435,-433,-319,-403,-354,-307,-349,-325,-366,-202,-254,-231,-212,-147,-498,-498,-443,-443,-498,-498,-5824,-6318,-12823,-12826,-12829,-12830,-12831,-1697,-1623,-1437,-1462,-1433,-1362,-1335,-1235,-800,-1020,-1014,-505,-411,-12835,-12836,-12836,-12836,-12850,-12851,-12851,-12851,-12851,-12851,-12851,-12851,-12851,-12851,-12851,-12851,-12851,-12851,-12851,-12851,-12851,-29976]} 1. Nf3 Nf6 2. g3 g6 3. b3 Bg7 4. Bb2 b6 5. Bg2 Bb7 6. O-O c5 7. c4 O-O 8. Nc3 d6 9. d4 cxd4 10. Nxd4 Bxg2 11. Kxg2 Qc8 {A30: Symmetrical English: Double Fianchetto and Hedgehog} 12. Rc1 (12. e4 Qb7 13. f3 Nbd7 14. Qe2 Rfe8 15. Rfd1 a6 16. Rab1 Rac8 17. a4 e6 18. Kg1 d5 19. e5 Nh5 20. f4 dxc4 21. Ne4 Bf8 22. bxc4 {0-1 (41) Korotylev,A (2573)-Dubov,D (2666) Sochi 2017}) 12... Qb7+ 13. f3 $146 ({Predecessor:} 13. Kg1 Nbd7 14. Qd2 a6 15. Rfd1 Rfc8 16. f3 Ne5 17. a4 h5 18. e4 e6 19. Qe2 {½-½ (47) Petrov,G (2266)-Borsos,B (2253) Struga 2011}) 13... a6 {White is slightly better.} 14. e4 e6 15. Qd2 Rd8 16. Rfd1 Nbd7 {[%cal Bb8d7,Bd7c5,Bc5e6,Be6g5][%mdl 32]} 17. Qe2 h5 18. Rc2 $2 (18. Ba3 $11 {and White is okay.}) 18... Ne8 $2 (18... e5 $19 19. Rcd2 exd4 20. Rxd4 Ne8) 19. Rcd2 $11 Rac8 20. Qe3 Kh7 21. h3 Nc5 22. Re2 (22. g4 $142) 22... Nf6 23. g4 (23. Qf2 $11) 23... e5 $17 24. Nc2 Ne6 25. Kh1 Bh6 $1 {[%cal Rh6e3]} 26. Qg1 hxg4 $1 27. hxg4 (27. fxg4 $17 Nf4 28. Ree1) 27... Bf4 28. Nd5 (28. Kg2 {is the only way for White.}) 28... Nxd5 $19 29. exd5 (29. cxd5 $142 Ng5 30. Bc1) 29... Ng5 30. Bc1 Bxc1 (30... Nxf3 31. Qf2 $16) 31. Rxc1 {aiming for f4!} Kg7 32. Qe3 Rh8+ 33. Rh2 Rxh2+ (33... Qe7 $142 {And now ...Rxh2+ would win.} 34. f4 Rh3 $1 {[%mdl 512]} 35. Rxh3 Nxh3 36. fxe5 Qh4 37. exd6 Nf4+ 38. Kg1 Qxg4+ 39. Kf1 Qg2+ 40. Ke1 Rh8) 34. Kxh2 Rh8+ 35. Kg2 Nh3 36. Ne1 $2 (36. Rh1 Nf4+ 37. Kg1) 36... Nf4+ 37. Kg1 Qe7 {Hoping for ...Qh4.} 38. Ng2 Nxg2 39. Kxg2 {[%mdl 4096] Endgame KQR-KQR} Qh4 40. Qg1 Qg5 41. Rc2 Qf4 42. Re2 b5 43. c5 dxc5 44. d6 {If White can now play d7 this consolidates a bit.} e4 45. Rxe4 Qd2+ 46. Kg3 Qxd6+ 47. f4 Qd3+ 48. Re3 Qd4 49. Qe1 {[#]} Rh1 $1 {[%mdl 512]} 50. Qc3 {[#]} (50. Qxh1 Qxe3+) 50... Rg1+ $1 51. Kh3 Rf1 52. Rd3 $2 {[%mdl 8192] [#]} (52. Qxd4+ $17 cxd4 53. Re4) 52... Qxc3 $1 53. Rxc3 Rxf4 54. Rxc5 {KR-KR} Rf2 55. a4 (55. Rc1 $142 Rxa2 56. Kg3) 55... Rf3+ 56. Kg2 Rxb3 57. axb5 Rxb5 58. Rc6 Ra5 59. Kg3 g5 60. Kf3 f6 61. Rb6 Kg6 62. Rc6 Ra1 63. Rc8 Ra3+ 64. Kf2 Ra5 65. Ra8 (65. Rc6 $142) 65... f5 {Black is clearly winning.} 66. Rg8+ Kf6 67. gxf5 Kxf5 68. Rc8 Ra2+ 69. Kg3 Ra3+ 70. Kg2 a5 71. Rc5+ Kg4 72. Rc4+ Kh5 73. Rc5 Kh4 74. Rc1 Ra2+ 75. Kg1 g4 {Precision: White = 30%, Black = 64%.} 0-1

[Event "RUS-chT Rapid Men 2018"]
[Site "Sochi"]
[Date "2018.10.09"]
[Round "6"]
[White "Sychev, Klementy"]
[Black "Chigaev, Maksim"]
[Result "0-1"]
[WhiteElo "2534"]
[BlackElo "2599"]
[Annotator "TA"]
[PlyCount "194"]
[EventDate "2018.10.05"]
[EventType "swiss"]
[EventCountry "RUS"]
[SourceTitle "playchess.com"]
[Source "ChessBase"]
[SourceQuality "1"]

{[%evp 12,194,52,0,0,8,12,24,14,10,31,15,40,40,81,83,75,37,81,12,38,25,28,43,34,31,37,35,43,33,46,17,75,0,41,27,31,22,60,54,70,36,54,42,31,39,90,75,75,0,0,0,0,0,0,0,0,0,0,-49,-44,-206,-210,-345,-337,-341,-334,-360,-342,-338,-282,-411,-420,-410,-399,-439,-393,-383,0,-191,56,65,485,433,502,487,427,310,276,-15,-16,-92,-33,-34,0,0,0,0,0,-10,-10,-10,0,0,0,0,0,0,0,0,0,-11,0,0,0,0,0,0,0,0,0,-51,0,0,0,-24,-28,-79,-79,-112,0,-432,-13,-14,-14,-14,0,-14,-11,-940,-14,-14,0,-631,-25,-27,0,-483,0,-13,0,0,0,0,0,-60,-62,-306,-367,-503,-306,-12836,-12836,-12838,-177,-12839,-12839,-12842,-12842,-12844,-12843,-12843,-12843,-12844,-12843,-12842,-12840,-12845,-12843,-12845,-12841,-12848,-12849,-12849,-12850]} 1. e4 c5 2. Nf3 e6 3. d4 cxd4 4. Nxd4 Nc6 5. Nc3 Qc7 6. Ndb5 {[%cal Bd4b5,Bb5a3,Ba3c4][%mdl 32]} Qb8 7. a4 a6 {B47: Sicilian: Taimanov: 5 Nc3 Qc7 6 f4, 6 g3 and 6 Be2} 8. Na3 Qc7 9. g3 Nf6 {White has an edge.} 10. Bg2 d6 11. Be3 Be7 12. Nc4 Ne5 $146 ({Predecessor:} 12... O-O 13. O-O Nd7 14. a5 Nce5 15. Nxe5 Nxe5 {1-0 (94) Sychev,K (2498)-Geller,J (2526) Moscow 2017}) 13. Nb6 Rb8 14. O-O O-O 15. h4 ({White should try} 15. a5 $16) 15... Nc4 16. Nxc4 Qxc4 17. a5 Bd7 18. Qd2 Rbc8 19. Rfe1 Qc7 20. Bb6 Qb8 21. Rad1 Bc6 (21... Rfe8 $11 {remains equal.}) 22. f4 (22. Nd5 $16 exd5 23. exd5 Nxd5 24. Bxd5) 22... e5 23. f5 Nd7 24. Bf2 b5 25. axb6 Nxb6 26. Bf1 Qb7 27. Ra1 Ra8 28. Ra3 d5 (28... Rfb8 $14) 29. exd5 $16 Nxd5 30. Rb3 (30. Nxd5 $16 Bxd5 31. Rxa6 $1 {[%mdl 512]}) 30... Nb4 $11 31. Rxe5 a5 {[%cal Ba6a5,Ba5a4][%mdl 32]} 32. Bc5 Bf6 33. Re1 Rfd8 34. Qf2 h6 35. Ra3 a4 36. Nd1 $2 (36. Kh2 $15) 36... Ra5 $1 $19 {[%cal Ra5c5]} 37. Bb6 {[#]} (37. Bxb4 $142 Qxb4 38. c3) 37... Rxf5 $3 {[%mdl 512]} 38. Qxf5 Qxb6+ 39. Nf2 Bxb2 40. Re7 Bf6 41. Re1 (41. Re2 {is the only way for White.} Bb2 42. Re7) 41... Bd7 42. Qe4 Bd4 43. Re2 Bc6 44. Qf5 Bd7 $2 (44... g6 $19 45. Qf4 Nd5 46. Qxh6 Bb5) 45. Qf3 $2 (45. Qe4 $11 {and White stays safe.}) 45... Rc8 $2 (45... Bc5 $1 $19 46. Rd2 Nc6 47. Rxa4 Ne5) 46. c3 $1 $14 {[%cal Rc3d4]} Bxf2+ $2 {[%mdl 8192]} ({Don't go for} 46... Bc6 $2 47. Qf5 $18) (46... Nc6 $1 $14) 47. Rxf2 $18 Nc2 48. Qxf7+ Kh8 {White must now prevent ...Rd8.} 49. Qxd7 Rf8 50. Qd2 $2 (50. Qd4 $1 $18 Qxd4 51. cxd4 Rxf2 52. Rc3 (52. Rxa4 Rd2 $14) 52... Rxf1+ 53. Kxf1 Nxd4 54. Ra3) 50... Nxa3 $11 51. Bd3 $1 ({Much worse is} 51. Qd4 Qxd4 52. cxd4 Rxf2 $17) 51... Nb1 $1 $36 {[%cal Rb1d2][%mdl 2048] White is under pressure.} 52. Bxb1 $1 Rxf2 (52... Qxb1+ {looks sharper.} 53. Kh2 Rb8 54. Qa2 Qe1 55. Re2 Qf1) 53. Qxf2 Qxb1+ $15 {[%mdl 4096] Endgame KQ-KQ} 54. Kh2 Kh7 55. Qc5 (55. Qa7 {keeps more tension.} Qb2+ 56. Kh3 Qb5 57. Kh2 Qe2+ 58. Kh3) 55... Qc2+ 56. Kg1 Qb3 57. Qf5+ Kh8 58. Qc8+ Qg8 59. Qa6 Qb8 60. Kf2 Qb2+ 61. Kf1 Qxc3 62. Qa8+ Kh7 {aiming for ...Qd3+.} 63. Qe4+ g6 64. Qb7+ Qg7 65. Qa6 Qd7 {Hoping for ...Kg7.} 66. Ke2 (66. Kg2 $11) 66... Kg7 (66... Qe7+ $1 $15 67. Kd3 a3) 67. Kf2 $11 Kf7 68. Kf1 Qd1+ 69. Kf2 (69. Kg2 $11) 69... Qc2+ $17 70. Kf1 h5 (70... Qb3 $17 {Threatens to win with ...a3.} 71. Qa7+ Kg8) 71. Kg1 $2 {[%mdl 8192] [#]} (71. Qd6 $11) 71... Ke7 $2 (71... Qc5+ $1 $19 72. Kg2 a3 73. Qb7+ Ke6 74. Qe4+ Kd7 75. Qb7+ Kd6 76. Qb8+ Kd5) 72. Kf1 Kd7 {...Qf5+ is the strong threat.} 73. Kg1 $1 Qc1+ 74. Kf2 Qc5+ 75. Ke2 $2 {[%mdl 8192] [#]} (75. Kf1 $11) 75... Qc6 $2 (75... a3 $1 $19 76. Qd3+ Ke7) 76. Qa7+ $11 Kc8 {Strongly threatening ...Qc2+.} 77. Ke3 $2 {[%mdl 8192]} (77. Kf2 $11) 77... Qb5 $2 (77... Qc3+ $19 78. Kf2 a3 79. Qa6+ Kc7 80. Qa7+ Kc6 81. Qa8+ Kb5 82. Qb7+ Ka4 83. Qa7+ Kb3 84. Qb7+ Kc2 85. Qe4+ Kb2 86. Qb7+ Qb3 87. Qg7+ Kb1) 78. Kf2 Qc6 $2 {[%mdl 8192]} (78... Qb3 $11 79. Qc5+ Kb7 80. Qe7+ Ka6 81. Qe2+ Qb5) 79. Ke3 $19 Kd8 $2 ({Black should play} 79... Qc3+ $19 80. Kf2 a3 81. Qa6+ Kd7 82. Qa4+ Kd6) 80. Kf2 Ke8 {And now ...Qf6+ would win.} 81. Kg1 Qd7 82. Qa6 Qd1+ 83. Kf2 (83. Kg2 $11) 83... Qc2+ $15 84. Ke3 $2 ({Better is} 84. Kg1 $15) 84... Kd7 85. Qa7+ Ke6 86. Qa6+ $2 (86. Qb6+ Kd5 87. Qa6) 86... Kf5 $19 87. Kf3 Qe4+ 88. Kf2 {intending Qc8+.} Kg4 {Black is clearly winning.} 89. Qa7 Qf3+ 90. Ke1 Qxg3+ 91. Ke2 Qf3+ 92. Ke1 Qe4+ 93. Kf1 Kxh4 94. Kf2 Kg4 95. Qb6 h4 {[%cal Bh5h4,Bh4h3,Bh3h2][%mdl 32]} 96. Kg1 h3 {[%csl Gh3][%cal Re4g2]} 97. Kf2 h2 {Precision: White = 45%, Black = 38%.} 0-1

[Event "RUS-chT Rapid Men 2018"]
[Site "Sochi"]
[Date "2018.10.09"]
[Round "6"]
[White "Shcherbakov, Ruslan"]
[Black "Nuristani, Iman"]
[Result "1-0"]
[WhiteElo "2516"]
[BlackElo "2242"]
[Annotator "ChessBase"]
[PlyCount "77"]
[EventDate "2018.10.05"]
[EventType "swiss"]
[EventCountry "RUS"]
[SourceTitle "playchess.com"]
[Source "ChessBase"]
[SourceQuality "1"]
[TimeControl "900+10"]

1. Nf3 {[%emt 0:00:00]} Nf6 {[%emt 0:00:00]} 2. c4 {[%emt 0:00:00]} b6 {[%emt 0:00:00]} 3. g3 {[%emt 0:00:04]} Bb7 {[%emt 0:00:00]} 4. Bg2 {[%emt 0:00:01]} e6 {[%emt 0:00:02]} 5. O-O {[%emt 0:00:07]} Be7 {[%emt 0:00:02]} 6. b3 {[%emt 0:00:49]} O-O {[%emt 0:00:14]} 7. Bb2 {[%emt 0:00:01]} c5 {[%emt 0:01:23]} 8. e3 {[%emt 0:00:03]} d6 {[%emt 0:00:57]} 9. Qe2 {[%emt 0:00:05]} Nbd7 {[%emt 0:00:04]} 10. d4 {[%emt 0:00:04]} Qc7 {[%emt 0:00:49]} 11. Rd1 {[%emt 0:00:14]} d5 {[%emt 0:01:05]} 12. cxd5 {[%emt 0:00:24]} Bxd5 {[%emt 0:03:31]} 13. Nc3 {[%emt 0:00:12]} Bc6 {[%emt 0:02:18]} 14. e4 {[%emt 0:00:17]} cxd4 {[%emt 0:00:59]} 15. Nxd4 {[%emt 0:00:02]} e5 {[%emt 0:00:20]} 16. Nf5 {[%emt 0:00:22]} Bc5 {[%emt 0:00:58]} 17. Nd5 {[%emt 0:00:14]} Qb7 {[%emt 0:01:49]} 18. Rac1 {[%emt 0:03:46]} Rfe8 {[%emt 0:00:17]} 19. Rxc5 {[%emt 0:02:09]} bxc5 {[%emt 0:00:21]} 20. Nd6 {[%emt 0:00:03]} Qb8 {[%emt 0:01:56]} 21. Nxe8 {[%emt 0:00:04]} Qxe8 {[%emt 0:00:23]} 22. Nc7 {[%emt 0:00:03]} Qc8 {[%emt 0:00:02]} 23. Nxa8 {[%emt 0:00:02]} Qxa8 {[%emt 0:00:02]} 24. f3 {[%emt 0:00:18]} Qb8 {[%emt 0:00:26]} 25. Bc3 {[%emt 0:00:08]} Nf8 {[%emt 0:00:53]} 26. Bh3 {[%emt 0:00:07]} h6 {[%emt 0:00:09]} 27. Qc4 {[%emt 0:00:17]} N8d7 {[%emt 0:00:14]} 28. Ba5 {[%emt 0:01:16]} Bb5 {[%emt 0:00:12]} 29. Qc3 {[%emt 0:00:10]} Qb7 {[%emt 0:00:13]} 30. Bd8 {[%emt 0:01:40]} Qb8 {[%emt 0:00:01]} 31. Bxf6 {[%emt 0:01:20]} Nxf6 {[%emt 0:00:03]} 32. Qxc5 {[%emt 0:00:02]} Be2 {[%emt 0:00:02]} 33. Rc1 {[%emt 0:00:04]} Bxf3 {[%emt 0:00:08]} 34. Qc8+ {[%emt 0:00:08]} Qxc8 {[%emt 0:00:02]} 35. Rxc8+ {[%emt 0:00:01]} Kh7 {[%emt 0:00:01]} 36. Bg2 {[%emt 0:00:03]} Be2 {[%emt 0:00:51]} 37. Rc7 {[%emt 0:00:04]} a6 {[%emt 0:00:06]} 38. Rxf7 {[%emt 0:00:09]} Kg6 {[%emt 0:00:14]} 39. Re7 {[%emt 0:00:03]} 1-0

[Event "RUS-chT Rapid Men 2018"]
[Site "Sochi"]
[Date "2018.10.09"]
[Round "6"]
[White "Potapov, Pavel"]
[Black "Alexeev, Alexey"]
[Result "1-0"]
[WhiteElo "2515"]
[BlackElo "2287"]
[Annotator "TA"]
[PlyCount "117"]
[EventDate "2018.10.05"]
[EventType "swiss"]
[EventCountry "RUS"]
[SourceTitle "playchess.com"]
[Source "ChessBase"]
[SourceQuality "1"]

{[%evp 22,117,57,4,39,45,52,33,39,37,41,28,55,35,51,39,51,51,53,27,19,17,8,-21,-25,-27,0,0,0,-21,-26,-35,0,0,0,0,0,0,12,0,0,0,0,0,0,0,0,0,0,0,0,0,0,0,0,0,0,0,0,0,0,0,169,178,197,217,197,189,292,289,291,298,312,304,295,286,287,305,2612,5178,4927,3610,2120,1267,29950,6516,29970,29971,29973,29974,29975,29976,29974,29975,29979,29980,29987,29988]} 1. e4 e6 2. d4 d5 3. Bd3 c5 4. exd5 exd5 5. Nf3 c4 6. Be2 Bd6 7. O-O Ne7 8. b3 cxb3 9. axb3 Nbc6 10. c4 O-O 11. Nc3 {B22: Sicilian: 2 c3} Bg4 (11... a6 12. Bg5 f6 13. Bh4 Be6 14. Bg3 Kh8 15. c5 Bxg3 16. hxg3 Bg4 17. Re1 Nf5 18. Ra2 Qd7 {1-0 (89) Onischuk,V (2628)-Ali Marandi,C (2476) Gjakova 2016 CBM 173 [Mekhitarian,K]}) 12. Be3 {LiveBook: 6 Games} ({Better is} 12. h3 $14 Bh5 13. c5 (13. cxd5 Nb4 $14) (13. Nxd5 Nxd5 14. cxd5 Nb4 $11)) 12... a5 13. h3 $146 {White is slightly better.} ({Predecessor:} 13. Nb5 Bb8 14. h3 Bh5 15. Nh4 Bxe2 16. Qxe2 Re8 17. Qh5 Ra6 18. Bg5 h6 19. Bxe7 Nxe7 {1-0 (32) Khamrakulova,I (2217)-Reizniece,D (2312) Athens 2001}) 13... Bh5 14. c5 Bc7 15. Nb5 Nb4 16. Qd2 Bg6 17. Nxc7 Qxc7 18. Bf4 Qc8 19. Bd6 Re8 20. Bb5 Nec6 21. Rae1 Qf5 22. Re3 Qc2 23. Rfe1 f6 24. Rxe8+ Rxe8 25. Rxe8+ Bxe8 26. Qe3 {[%cal Re3e8] [#]} Qe4 (26... Bf7 {looks sharper.} 27. Kh2 Qe4 28. Qc3 Bh5 29. Bxc6 Nxc6 30. Qe3 Bf7) 27. Nd2 Qxe3 28. fxe3 Bg6 29. Be2 Kf7 30. Bc7 Bc2 31. Bb5 Bd3 32. Ba4 h5 33. Kf2 h4 34. Nf3 g5 35. g3 hxg3+ 36. Kxg3 Bc2 37. Nd2 Kg6 38. h4 Kh5 39. hxg5 fxg5 40. Nf3 Kg6 41. Ne5+ Kf5 $2 {[#]} (41... Nxe5 $11 {and Black stays safe.} 42. Bxe5 Kf5) 42. Nf7 $1 $18 {[%cal Rf7d6]} Ke4 43. Kf2 Kd3 44. Nd6 ({And not} 44. Nxg5 Kc3 $17) 44... g4 (44... Kd2 {is a better defense.}) 45. Nxb7 g3+ 46. Bxg3 Kc3 47. Bc7 Bxb3 48. Bxb3 Kxb3 49. Nxa5+ Nxa5 $2 (49... Ka4 50. Nb7 Nd3+ 51. Kf3 Ne1+ 52. Ke2 Nc2) 50. Bxa5 {[%mdl 4096] Endgame KB-KN} Nc6 51. Be1 Kc4 52. Kf3 Kd3 53. Kf4 Ke2 54. Bh4 {White mates.} Kd3 55. Bg5 Kc4 56. Kf5 Kb5 57. Ke6 Nb4 58. Kd6 Ka6 59. c6 {Precision: White = 61%, Black = 52%.} 1-0

[Event "RUS-chT Rapid Men 2018"]
[Site "Sochi"]
[Date "2018.10.09"]
[Round "6"]
[White "Demidov, Mikhail"]
[Black "Lugovskoy, Maxim"]
[Result "1-0"]
[WhiteElo "2514"]
[BlackElo "2428"]
[Annotator "TA"]
[PlyCount "93"]
[EventDate "2018.10.05"]
[EventType "swiss"]
[EventCountry "RUS"]
[SourceTitle "playchess.com"]
[Source "ChessBase"]
[SourceQuality "1"]

{[%evp 31,93,24,22,22,26,8,45,22,35,21,28,25,27,20,30,0,0,0,0,0,0,0,0,0,50,50,89,98,292,305,326,335,1439,1341,1444,1187,1177,1272,12839,12839,12840,12840,12841,12841,12833,12833,12842,12843,12843,12843,12844,12843,29977,12846,12846,12847,12845,12845,12847,12847,29988,12848,29996,29997]} 1. e4 e6 2. d4 d5 3. Nd2 Nf6 4. e5 Nfd7 5. Bd3 c5 6. c3 Nc6 7. Ndf3 cxd4 8. cxd4 Bb4+ 9. Bd2 Bxd2+ 10. Qxd2 f6 11. exf6 Qxf6 12. Ne2 O-O 13. O-O e5 14. dxe5 Ndxe5 15. Nxe5 Nxe5 16. Bc2 {C06: French Tarrasch: 3...Nf6 4 e5 Nfd7 5 Bd3 main lines} (16. Nd4 Qf4 17. Rad1 Bg4 18. Qxf4 Rxf4 19. f3 Bd7 20. Bb5 Nc6 21. Bxc6 bxc6 22. Rfe1 Kf7 23. Re3 Rb8 {½-½ (57) Ghaem Maghami,E (2596)-Bluebaum,M (2588) Berlin 2015}) 16... Be6 {LiveBook: 5 Games} 17. Nd4 Bf7 18. b3 {White has an edge.} Kh8 $146 ({Predecessor:} 18... Nc6 19. Rad1 Rfe8 20. b4 Ne5 21. Nf5 Rac8 22. Ne3 Red8 23. Qd4 Nc6 24. Qxf6 gxf6 {1-0 (33) Steiner,H-Czerniak,M Venice 1950}) 19. Rae1 Rae8 20. h3 Nc6 21. Nxc6 bxc6 22. Qb4 $40 {[%mdl 128] White mounts an attack.} Bg6 23. Rxe8 (23. Bxg6 {feels hotter.} Rxe1 24. Qxe1 hxg6 25. Qa5 Rf7 26. Qd2) 23... Rxe8 24. Bxg6 hxg6 $11 {[%mdl 4096] Endgame KQR-KQR} 25. Qc5 Re2 26. Qxa7 d4 27. Qa6 Qe6 28. Qd3 c5 {[#]} 29. b4 $1 {[%cal Bb3b4,Bb4b5,Bb5b6,Bb6b7][%mdl 544]} c4 $2 (29... cxb4 $16 {was called for.} 30. Qxd4 Re4) 30. Qxd4 $18 Re1 {intending ...Qe2.} 31. b5 Qe2 $2 {[#]} (31... Rxf1+ 32. Kxf1 Qc8) 32. Rxe1 $1 Qxe1+ {KQ-KQ} 33. Kh2 c3 34. b6 c2 35. Qh4+ Kg8 36. Qc4+ Kh7 37. Qxc2 Qe5+ 38. g3 Qd4 39. b7 Qb6 40. Qe4 Qxf2+ 41. Qg2 Qa7 42. Qb2 Qb8 43. a4 g5 44. a5 g4 45. a6 {White threatens a7 and mate.} g5 46. a7 (46. hxg4 $142 Kg6 47. Qb6+ Kg7 48. a7 Qh8+ 49. Kg2 Qe8 50. b8=Q Qe4+ 51. Kf2) 46... Qe5 47. Qxe5 {Precision: White = 68%, Black = 44%.} 1-0

[Event "RUS-chT Rapid Men 2018"]
[Site "Sochi"]
[Date "2018.10.09"]
[Round "6"]
[White "Khanin, Semen"]
[Black "Hasangatin, Ramil"]
[Result "1/2-1/2"]
[WhiteElo "2510"]
[BlackElo "2485"]
[Annotator "TA"]
[PlyCount "71"]
[EventDate "2018.10.05"]
[EventType "swiss"]
[EventCountry "RUS"]
[SourceTitle "playchess.com"]
[Source "ChessBase"]
[SourceQuality "1"]

{[%evp 20,71,45,24,39,-17,-24,-14,-20,-20,-20,-20,-20,-20,-22,-100,-99,-137,-54,-60,-60,-60,0,-205,-198,-195,-29,-37,-14,-10,8,9,8,21,10,11,19,17,17,0,23,0,21,0,0,0,0,0,0,0,0,0,0,0]} 1. e4 {[%cal Be2e4,Be4e5][%mdl 32]} Nf6 2. e5 Nd5 3. c4 Nb6 4. d4 d6 5. exd6 exd6 6. Nc3 Nc6 7. h3 Be7 8. Nf3 O-O 9. Bd3 Bf6 10. O-O Re8 11. Be3 {LiveBook: 3 Games. B03: Alekhine's Defence: Four Pawns Attack} (11. Bc2 a5 12. Bf4 g6 13. c5 Nc4 14. Nd5 Nxb2 15. Qd2 Be6 16. Nxf6+ Qxf6 17. Bg5 Qg7 18. cxd6 Nc4 {½-½ (54) Frolyanov,D (2566)-Kobalia,M (2623) Kaliningrad 2015}) 11... Nb4 12. Bb1 $146 (12. Be2 $14) ({Predecessor:} 12. Be2 Bf5 13. Rc1 c6 14. Re1 h6 15. b3 Rc8 16. a3 Na6 17. Bd3 Bxd3 18. Qxd3 d5 {½-½ (35) Steiger,W (2299)-Walter,G (2383) ICCF email 2009}) 12... Nxc4 $11 13. Qb3 {Black has an edge.} Nxe3 14. fxe3 c5 15. a3 $1 {[%cal Ra3b4]} cxd4 ({Of course not} 15... Be6 $6 16. d5 $16) 16. Ne4 ({But not} 16. exd4 Nc6 $17) 16... Nc6 $1 {[#] Strongly threatening ...h6.} 17. Qd3 (17. Nfg5 $1 $11 {[%mdl 512]} Qe7 (17... Bxg5 18. Qxf7+) 18. Nxf6+ gxf6 19. Nxh7) 17... g6 $1 $17 {White must now prevent ...dxe3.} 18. Nxd4 {[#]} Bg7 (18... Be5 $1 $17 {Threatens to win with ...d5.} 19. Ba2 d5) 19. Nxc6 $15 bxc6 20. Nxd6 Re7 (20... Re6 $15 21. Nxf7 Qxd3 22. Bxd3 Rxe3) 21. Ba2 $2 {[#]} (21. Rxf7 $1 $11 {and White has nothing to worry.} Be6 22. Rxe7 Qxe7 23. Ba2) 21... Be6 $1 $19 {[%cal Re6a2]} 22. Bxe6 Rxe6 $2 ({Black should try} 22... fxe6 $19 23. Rac1 Qc7) 23. Rad1 $11 Qb6 24. Nc4 Qc7 (24... Qc5 {is more complex.} 25. Qe2 Qe7 26. Rd3 Rd8 27. Rfd1 Rxd3 28. Rxd3 Bf6) 25. Qd7 Re7 $132 {[%mdl 2048] Black has counterplay} 26. Qxc7 Rxc7 27. Rd3 Kf8 28. Rfd1 Ke7 29. b4 a6 {[%cal Ba7a6,Ba6a5][%mdl 32]} 30. Nb6 Re8 {The position is equal.} (30... Rb8 $5 {[%cal Rb8b6]} 31. Nd7 Rb5 $11) 31. Kf2 Rb8 $1 {[%cal Rb8b6]} 32. Nd7 Rb5 33. Nc5 a5 34. Rd7+ Rxd7 35. Rxd7+ Ke8 36. Rc7 {Precision: White = 45%, Black = 47%.} 1/2-1/2

[Event "RUS-chT Rapid Men 2018"]
[Site "Sochi"]
[Date "2018.10.09"]
[Round "6"]
[White "Chekhov, Sergei"]
[Black "Shariyazdanov, Andrey"]
[Result "0-1"]
[WhiteElo "2463"]
[BlackElo "2526"]
[Annotator "TA"]
[PlyCount "136"]
[EventDate "2018.10.05"]
[EventType "swiss"]
[EventCountry "RUS"]
[SourceTitle "playchess.com"]
[Source "ChessBase"]
[SourceQuality "1"]

{[%evp 14,136,56,4,25,29,35,20,13,10,17,0,0,0,0,0,7,0,-21,-47,-11,-61,-56,-59,-30,-55,-43,-56,-45,-112,-96,-98,-87,-125,-80,-86,-99,-92,-75,-64,-83,-112,-140,-209,-206,-213,-219,-215,-206,-650,-638,-631,-652,-653,-645,-618,-594,-591,-588,-637,-538,-484,-503,-548,-545,-535,-512,-616,-620,-621,-605,-710,-538,-681,-617,-603,-602,-559,-602,-710,-602,-583,-565,-774,-766,-984,-968,-960,-932,-929,-919,-2270,-2306,-2357,-2079,-12791,-10013,-29984,-29985,-29985,-29986,-29987,-29988,-29988,-29989,-29991,-29991,-29992,-29992,-29992,-29992,-29993,-29994,-29994,-29994,-29995,-29994,-29994,-29995,-29995,-29996,-29996,-29997,-29997,-29998]} 1. e4 g6 2. d4 Bg7 3. Nf3 d6 4. c3 Nf6 5. Bd3 O-O 6. O-O Nc6 7. Re1 e5 8. Nbd2 (8. h3 $14) 8... Nd7 {[%cal Re5d4] B07: Pirc Defence: Miscellaneous Systems} (8... Nh5 9. Nc4 Bg4 10. dxe5 Nxe5 11. Ncxe5 dxe5 12. h3 Bd7 13. Bc4 Qe7 14. Bg5 Bf6 15. Be3 b6 16. a4 a5 {1-0 (38) So,W (2815)-Giri,A (2785) chess.com INT 2017}) 9. Nb3 a5 10. a4 exd4 {The position is equal.} 11. cxd4 Nb4 12. Bb1 c5 $146 ({Predecessor:} 12... Nb6 13. Bd2 Bd7 14. Nxa5 Rxa5 15. Bxb4 Rxa4 16. Rxa4 Bxa4 {½-½ (24) Ionov,S (2515)-McNab,C (2465) Cappelle-la-Grande 1996}) 13. Bf4 c4 14. Nbd2 ({Reject} 14. Bxd6 cxb3 15. Bxf8 Nxf8 $17) 14... Nb6 15. Ra3 Re8 16. Qe2 Be6 17. Be3 d5 18. e5 Qd7 19. Qd1 Bf5 20. h3 Rac8 21. g4 ({White should try} 21. Bxf5 $15 Qxf5 22. Re2) 21... Bxb1 22. Nxb1 f6 23. Bf4 Nd3 24. Rxd3 cxd3 25. b3 Qc6 26. Qxd3 Nd7 $36 {[%mdl 2048] Black is on the roll.} 27. Kg2 fxe5 28. dxe5 {[#]} (28. Bxe5 $17 Bf8 29. Bf4) 28... Nc5 $1 $19 {[%cal Rc5d3,Bd7c5,Bc5e6,Be6f4][%mdl 32]} 29. Qd1 {[#]} d4 $1 {[%mdl 512]} 30. Qxd4 Rf8 31. Qc4+ $2 (31. Rc1 g5 {[#]} 32. Rxc5 $1 {[%mdl 512]} Qxc5 33. Qxc5 Rxc5 34. Bxg5) 31... Ne6 32. Qxc6 Nxf4+ ({Not} 32... bxc6 33. Be3 $11) 33. Kg3 Rxc6 34. Nbd2 Ne6 35. Nc4 b6 36. Rd1 Rd8 37. Rxd8+ Nxd8 38. Kf4 Ne6+ 39. Ke4 Kf7 40. Nfd2 Bh6 41. Nf3 Ke7 42. Kd5 Kd7 43. Ne1 Nc5 44. Nf3 Nxb3 45. e6+ Rxe6 46. Nfe5+ Rxe5+ 47. Nxe5+ Kc7 48. h4 Nc5 49. g5 Bg7 50. Nc4 Bc3 51. f4 Nxa4 52. Ke6 b5 53. Ne3 Nb6 54. Kf7 b4 55. Kg8 b3 {Black mates.} 56. Nd1 Bd4 57. Kxh7 a4 58. f5 a3 59. fxg6 a2 60. Ne3 a1=Q 61. Nf5 Nd7 62. h5 Nf8+ 63. Kg8 {[#]} Nxg6 $1 64. hxg6 Be5 65. Kf7 b2 66. g7 b1=Q 67. Ne7 Qaa2+ 68. Kf8 Qb8+ {Precision: White = 44%, Black = 80%.} 0-1